DNA chromatography
This book describes a powerful and effective tool for the molecular biologist researcher. Readers will discover how DNA chromatography can be used in their own work. Intended as an introduction for the molecular biologist reader, this will also serve as a practical guide for the experienced user. Th...
Shranjeno v:
| Glavni avtor: | |
|---|---|
| Format: | Knjiga |
| Jezik: | Undetermined |
| Izdano: |
Weinheim
Wiley-VCH
2002
|
| Teme: | |
| Oznake: |
Označite
Brez oznak, prvi označite!
|
| Thư viện lưu trữ: | Trung tâm Học liệu Trường Đại học Cần Thơ |
|---|
| LEADER | 00961nam a2200205Ia 4500 | ||
|---|---|---|---|
| 001 | CTU_192344 | ||
| 008 | 210402s9999 xx 000 0 und d | ||
| 082 | |a 572.8636 | ||
| 082 | |b G111 | ||
| 100 | |a Gjerde, Douglas T. | ||
| 245 | 0 | |a DNA chromatography | |
| 245 | 0 | |c Douglas T. Gjerde, Christopher P. Hanna, David Hornby | |
| 260 | |a Weinheim | ||
| 260 | |b Wiley-VCH | ||
| 260 | |c 2002 | ||
| 520 | |a This book describes a powerful and effective tool for the molecular biologist researcher. Readers will discover how DNA chromatography can be used in their own work. Intended as an introduction for the molecular biologist reader, this will also serve as a practical guide for the experienced user. The clear and concise writing style is also attractive to the chemist who wants to learn more about molecular biology. | ||
| 650 | |a DNA,DNA | ||
| 650 | |x Analysis,Phân tích | ||
| 910 | |a Hải | ||
| 980 | |a Trung tâm Học liệu Trường Đại học Cần Thơ | ||